000 00640nam a2200217Ia 4500
003 GCL
008 140319s9999 xx 000 0 ara d
040 _aGCL /
_cGCL
082 0 4 _aد
_b050
_bم ع
100 1 _aمجلس النشر العلمى
245 1 0 _aالمجلة العربية للعلوم الانسانية /
_cمجلس النشر العلمى
260 _a[S.N] :
_bمجلس النشر العلمى
300 _a367
490 _aكتابات معاصرة
_v0
650 0 4 _aتاريخ
650 0 4 _aالاقتصاد
650 0 4 _aالادب
650 0 4 _aالثقافة
650 0 4 _aالفنون
942 _2ddc
_cCF
999 _c27008
_d27008